Industrial Engineering and Management of Manufacturing (Record no. 3614)

MARC details
000 -LEADER
fixed length control field 00376nam a2200145Ia 4500
008 - FIXED-LENGTH DATA ELEMENTS--GENERAL INFORMATION
fixed length control field 191201s2005 xx 000 0 und d
082 ## - DEWEY DECIMAL CLASSIFICATION NUMBER
Classification number 658.5
Item number KUI
100 ## - MAIN ENTRY--PERSONAL NAME
Personal name KUMAR, Surender
245 #0 - TITLE STATEMENT
Title Industrial Engineering and Management of Manufacturing
250 ## - EDITION STATEMENT
Edition statement Rep.
260 ## - PUBLICATION, DISTRIBUTION, ETC. (IMPRINT)
Place of publication, distribution, etc N.Delhi
Name of publisher, distributor, etc Satya Prakashan
Date of publication, distribution, etc 2005
300 ## - PHYSICAL DESCRIPTION
Extent 1000
650 ## - SUBJECT ADDED ENTRY--TOPICAL TERM
Topical term or geographic name as entry element B.Tech(ME)
942 ## - ADDED ENTRY ELEMENTS (KOHA)
Source of classification or shelving scheme Dewey Decimal Classification
Koha item type Text Books
Holdings
Withdrawn status Lost status Source of classification or shelving scheme Damaged status Not for loan Collection code Home library Current library Date acquired Source of acquisition Cost, normal purchase price Bill Number Total Checkouts Full call number Acc. no. / Barcode Date last seen Bill Date Koha item type
    Dewey Decimal Classification     B.Tech(ME) PIET C-LIBRARY PIET C-LIBRARY 08/11/2008 J B C, New Delhi 250.00 SI-4274   658.5 KUI 10121 04/12/2019 27/10/2008 Text Books
    Dewey Decimal Classification     B.Tech(ME) PIET C-LIBRARY PIET C-LIBRARY 08/11/2008 J B C, New Delhi 250.00 SI-4274   658.5 KUI 10122 04/12/2019 27/10/2008 Text Books
    Dewey Decimal Classification     B.Tech(ME) PIET C-LIBRARY PIET C-LIBRARY 08/11/2008 J B C, New Delhi 250.00 SI-4274   658.5 KUI 10123 04/12/2019 27/10/2008 Text Books
    Dewey Decimal Classification     B.Tech(ME) PIET C-LIBRARY PIET C-LIBRARY 08/11/2008 J B C, New Delhi 250.00 SI-4274   658.5 KUI 10124 04/12/2019 27/10/2008 Text Books
    Dewey Decimal Classification     B.Tech(ME) PIET C-LIBRARY PIET C-LIBRARY 08/11/2008 J B C, New Delhi 250.00 SI-4274   658.5 KUI 10125 04/12/2019 27/10/2008 Text Books
    Dewey Decimal Classification     B.Tech(ME) PIET C-LIBRARY PIET C-LIBRARY 08/11/2008 J B C, New Delhi 250.00 SI-4274   658.5 KUI 10126 04/12/2019 27/10/2008 Text Books
    Dewey Decimal Classification     B.Tech(ME) PIET C-LIBRARY PIET C-LIBRARY 08/11/2008 J B C, New Delhi 250.00 SI-4274   658.5 KUI 10127 04/12/2019 27/10/2008 Text Books
    Dewey Decimal Classification     B.Tech(ME) PIET C-LIBRARY PIET C-LIBRARY 08/11/2008 J B C, New Delhi 250.00 SI-4274   658.5 KUI 10128 04/12/2019 27/10/2008 Text Books

Design & Developed by: PIET Central Library
R70 Miles Stone Pattikalyana Samalkha Panipat 132102
mail ID :- [email protected], Phone No:- 0180-2569700 Ex.216